Statistiques concernant Les 20 meilleurs buteurs de ligue 1 - Saisons 2019-2020

Cliquez ici pour prendre le quiz!

Statistiques générales

  • Ce quiz a été pris 101 fois
  • Le résultat moyen est 14 sur 20

Statistiques - réponses

JoueursClubNationalitéNbr de matchsNbr de buts% Correct
1Kylian MbappéPSGFrance2018
100%
4Neymar JrPSGBrésil1513
99%
19Angel Di MariaPSGArgentine268
98%
2Wissam Ben YedderMonacoFrance2618
96%
12Memphis DepayLyonPays-bas139
91%
3Moussa DembéléLyonFrance2716
85%
5Victor OsimhenLilleNigeria2713
85%
6Mauro IcardiPSGArgentine2012
84%
14Dimitri PayetMarseillesFrance229
80%
8Kasper DolbergNiceDanemark2311
79%
19Ludovic AjorqueStrasbourgFrance268
78%
16Andy DelortMontpellierAlgérie269
77%
9Dario BenedettoMarseilleArgentine2611
74%
7Habib DialloMetzSénégal2612
65%
13Islam SlimaniMonacoAlgérie189
63%
10Denis BouangaSaint-EtienneGabon2610
61%
10M'Baye NiangRennesSénégal2610
51%
18Adrien ThomassonStrasbourgFrance258
28%
15Serhou GuirassyRennesFrance239
28%
17Adrien HunouRennesFrance238
19%

Distribution des résultats

Percentile par nombre de réponses

% des personnes avec chaque résultat

Votre développement - résultats

Vous n’avez pas pris ce quiz